| 000 | nam a22 a 4500 | ||
|---|---|---|---|
| 999 |
_c2107 _d2107 |
||
| 003 | AKMAL | ||
| 005 | 20170515113825.0 | ||
| 008 | 170515s2001 my 00 eng d | ||
| 020 |
_a9834032277 (pbk.): _cRM12.00 |
||
| 040 |
_aAKMAL _cAKMAL |
||
| 043 | _aa-my--- | ||
| 049 | 0 | 0 | _amal |
| 082 | 0 | 4 |
_a323.09595 PEO _221 |
| 090 | 0 | 0 |
_a323.09595 _bPEO |
| 245 | 0 | 0 |
_aPeople before profits : _bthe rights of Malaysian communities in development / _cedited by Kua Kia Soong |
| 260 |
_aPetaling Jaya : _bStrategic Info Research Development, _c2001 |
||
| 300 | 0 | 0 |
_avi, 201p. ; _c23cm |
| 650 | 0 |
_aHuman rights _zMalaysia _94357 |
|
| 650 | 0 |
_aCivil rights _zMalaysia _94358 |
|
| 700 | 1 |
_aKua, Kia Soong, _d1950- _94359 |
|
| 942 |
_2ddc _cBOOK |
||